| 000 | 00542pab a2200181 454500 | ||
|---|---|---|---|
| 008 | 180718b2009 xxu||||| |||| 00| 0 eng d | ||
| 100 | _aBoucher, Stephen R. | ||
| 245 | _aDirect elicitation of credit constraints: conceptual and practical issues with an application to Peruvian agriculture | ||
| 260 | _c2009 | ||
| 300 | _ap.609-40. | ||
| 362 | _aJul | ||
| 650 | _aAgriculture | ||
| 700 | _aTrivelli, Carolina | ||
| 700 | _aGuirkinger, Catherine | ||
| 773 | _aEconomic Development and Cultural Change | ||
| 908 | _aN | ||
| 909 | _a82854 | ||
| 999 |
_c82854 _d82854 |
||